000 00753nam a22001935i 4500
001 168985
003 ES-MaACL
005 20250809063535.0
008 080711s2003 sp |||| | spa d
080 _a341.22(64)
100 1 _aVilar, Juan Bautista,
_d1941-2018
_9114797
245 1 3 _aLa frontera de Ceuta con Marruecos
_b: orígenes y conformación actual /
_cJuan B. Vilar.
260 _a[S.l. :
_bs.n.,
_c2003]
300 _aP. 273-287 ;
_c24 cm.
595 _aSeparata de: Cuadernos de Historia Contemporánea. - (2003) núm extraordinario ; p. 273-287.
651 4 _aMarruecos-
_xFronteras-
_zEspaña.
_9138098
852 _aES-MaACL
_j2232-F-22
_9R.143812
_z.- An. ms. : Ded. del autor al Ateneo de Madrid
999 _c168985
_d168985